Patrimonio mundial de España. (Record no. 174181)

MARC details
000 -LEADER
campo de control de longitud fija 00687 am a2200205 4500
001 - NÚMERO DE CONTROL
campo de control 174181
003 - IDENTIFICADOR DE NÚMERO DE CONTROL
campo de control ES-MaACL
005 - FECHA Y HORA DE LA ÚLTIMA TRANSACCIÓN
campo de control 20230906215446.0
008 - DATOS DE LONGITUD FIJA--INFORMACIÓN GENERAL
campo de control de longitud fija 100301s2009 sp a | |||||||| | spa d
040 ## - FUENTE DE CATALOGACIÓN
Centro catalogador/agencia de origen SpMaBN
080 ## - NÚMERO DE LA CLASIFICACIÓN DECIMAL UNIVERSAL
Número de la Clasificación Decimal Universal 7(460)
080 ## - NÚMERO DE LA CLASIFICACIÓN DECIMAL UNIVERSAL
Número de la Clasificación Decimal Universal 502.4(460)
245 00 - MENCIÓN DEL TÍTULO
Título Patrimonio mundial de España.
246 14 - FORMA VARIANTE DEL TITULO
Título propio/Titulo breve España, patrimonio mundial
260 ## - PUBLICACIÓN, DISTRIBUCIÓN, ETC.
Lugar de publicación, distribución, etc. [Madrid] :
Nombre del editor, distribuidor, etc. Ministerio de Cultura, S.G. de Publicaciones, Información y Documentación ;
Lugar de publicación, distribución, etc. [Valencia] :
Nombre del editor, distribuidor, etc. Pressgroup Holdings Europe,
Fecha de publicación, distribución, etc. D.L. 2009.
300 ## - DESCRIPCIÓN FÍSICA
Extensión 127 p. :
Otras características físicas il. col. ;
Dimensiones 27 cm.
650 ## - PUNTO DE ACCESO ADICIONAL DE MATERIA--TÉRMINO DE MATERIA
Término de materia o nombre geográfico como elemento de entrada Monumentos-
Subdivisión geográfica España.
9 (RLIN) 15179
650 04 - PUNTO DE ACCESO ADICIONAL DE MATERIA--TÉRMINO DE MATERIA
Término de materia o nombre geográfico como elemento de entrada Parques nacionales-
Subdivisión geográfica España.
9 (RLIN) 15847
852 ## - LOCALIZACIÓN
Ubicación ES-MaACL
Número de control de estantería C-23551
Holdings
Estatus retirado Estado de pérdida Estado de daño No para préstamo Biblioteca de origen Biblioteca actual Ubicación en estantería Fecha de adquisición Fuente de adquisición Total de préstamos Signatura topográfica completa Código de barras Visto por última vez Precio de reemplazo Tipo de ítem Koha
        Biblioteca del Ateneo de Madrid Biblioteca del Ateneo de Madrid Depósito 2 02/03/2010     C-23551 1182835 23/02/2023 23/02/2023 Libro impreso